000 00668nam a2200241Ia 4500
003 OSt
005 20220918182051.0
006 a|||||r|||| 00| 0
007 ta
008 220917b |||||||| |||| 00| 0 eng d
024 _a30,432
037 _cTextual
040 _aARTS
_cARTS
_beng
041 _2eng
_aeng
082 _aO111,3M99:g, M0
100 _aSrivastav Ramesh
_959700
245 0 _aHemingway and his for whom the bell tolls
260 _aAmritsar
_bGuru Nanak Univ India
_c1980
300 _axiv, 160p.
_ccm.
650 _aENGLISH LITERATURE
942 _hO111,3M99:g, M0
_cTEXL
_2CC
999 _c167755
_d167755